000 00573nmm a2200181Ia 4500
008 251105s9999||||xx |||||||||||||||||und||
020 _a9789561408228
041 _aspa
100 _aSantelices Cuevas, Lucía
245 0 _aEl educador y los padres : estrategias de intervención educativa
264 _a[Santiago de Chile, Chile] :
_bEdiciones UC,
_c2001
300 _a124 páginas
650 _aEducation
700 _aSantelices Cuevas, Lucía
700 1 _a Scagliotti Barbano, Jacinta
856 _uhttps://public.digitaliapublishing.com/a/38238
942 _cCF
999 _c71134
_d71134